Rodrigo Lara Bonilla: un pretexto histórico

Guardado en:
Detalles Bibliográficos
Autor principal: Gómez Latorre, Armando (Autor)
Formato: Libro
Lenguaje:español
Publicado: Bogotá Escuela Judicial Rodrigo Lara Bonilla 1944
Materias:
Etiquetas: Agregar Etiqueta
Sin Etiquetas, Sea el primero en etiquetar este registro!

MARC

LEADER 00000nam a2200000 a 4500
001 UCX9991
003 CL-VaPUC
008 940705e19440000CK |||||||||||||||||spa|d
082 0 4 |a 340.109  |b GOM  |2 21 
100 0 |a Gómez Latorre, Armando  |e author  |9 327531 
245 1 0 |a Rodrigo Lara Bonilla: un pretexto histórico 
300 |a 212 p 
942 |c BK 
945 |d 19940705 00:00:00  |a aalvarez 
260 |a Bogotá  |b Escuela Judicial Rodrigo Lara Bonilla  |c 1944 
600 0 7 |a LARA BONILLA, RODRIGO  |2 CL-VaPUC  |9 327532 
583 |a last modification  |c 19940705 00:00:00  |k Rodrigo Vera 
999 |c 229094  |d 229092 
952 |0 0  |1 0  |4 0  |6 340_109000000000000_GOM_1944  |7 0  |8 A  |9 229687  |a BIBDER  |b BIBDER  |d 2019-11-15  |i 2983907  |o 340.109 GOM 1944  |p 2983907  |r 2023-01-25  |w 2019-11-15  |y BK  |k DER